000 00430nam a2200157 i 4500
001 94373
003 ES-MaACL
005 20230906181448.0
007 t|
008 050428s1951 sp ||||1| spa d
100 1 _aLorente Arraiza, Jesús.
_974113
245 1 0 _aTres retratos
_b: novela /
_cJesús Lorente Arraiza.
260 _aMadrid :
_bCastilla,
_c1951.
300 _a308 p. ;
_c18 cm.
852 _aES-MaACL
_jD-9196
_bR.32793
999 _c94373
_d94373